| Tag |
First Indicator |
Second Indicator |
Subfields |
| LEADER |
00000cas a2200000 4500 |
| 001 |
in00000039724 |
| 005 |
20151007064534.0 |
| 008 |
780601d19741974xx zr 0uuua0eng d |
| 010 |
|
|
|a 75027390
|
| 035 |
|
|
|a (OCoLC)03944322
|
| 035 |
|
|
|9 AAE0062AM
|
| 040 |
|
|
|a MUU
|c MUU
|d TXA
|d UtOrBLW
|
| 043 |
|
|
|a n-us---
|
| 049 |
|
|
|a TXAE
|
| 090 |
|
|
|a KF49
|b .C623
|
| 110 |
2 |
|
|a Congressional Information Service.
|
| 245 |
1 |
0 |
|a CIS five-year cumulative index.
|
| 264 |
|
1 |
|a Washington.
|b [publisher not identified] ;
|
| 300 |
|
|
|a volumes ;
|c 29 cm.
|
| 336 |
|
|
|a text
|b txt
|2 rdacontent
|
| 337 |
|
|
|a unmediated
|b n
|2 rdamedia
|
| 338 |
|
|
|a volume
|b nc
|2 rdacarrier
|
| 362 |
0 |
|
|a 1970/74.
|
| 580 |
|
|
|a Cumulates and supersedes the index volumes of CIS annual and is designed to be used in combination with the CIS annual abstract volumes.
|
| 650 |
|
0 |
|a Legislation
|z United States.
|
| 650 |
|
0 |
|a Law
|z United States
|v Indexes.
|
| 785 |
0 |
0 |
|a Congressional Information Service.
|t CIS four year cumulative index
|
| 787 |
1 |
|
|a Congressional Information Service.
|t CIS annual
|w (OCoLC)2112653
|
| 999 |
|
|
|a MARS
|
| 999 |
f |
f |
|s db55d85b-1a90-39bc-829c-da47844108d8
|i fcf1472f-786f-3d6d-8653-d0e84133efb0
|t 0
|
| 952 |
f |
f |
|p ric
|a Texas A&M University
|b Rellis Campus
|c Joint Library Facility
|d Remote Storage
|t 0
|e KF49 .C623
|h Library of Congress classification
|i unmediated -- volume
|k Subject Index:A-L
|l 1970-1974
|m A14833815805
|
| 952 |
f |
f |
|p ric
|a Texas A&M University
|b Rellis Campus
|c Joint Library Facility
|d Remote Storage
|t 0
|e KF49 .C623
|h Library of Congress classification
|i unmediated -- volume
|k Subject Index:M-Z
|l 1970-1974
|m A14833815766
|
| 998 |
f |
f |
|a KF49 .C623
|s 1970/1974
|t 0
|l Remote Storage
|